Intelligent Optimal Adaptive Control for Mechatronic Systems

The book deals with intelligent control of mobile robots, presenting the state-of-the-art in the field, and introducing new control algorithms developed and tested by the authors. It also discusses the use of artificial intelligent methods like neural networks and neuraldynamic programming, includin...

Full description

Saved in:
Bibliographic Details
Main Author: Szuster, Marcin (Author)
Format: Electronic eBook
Language:English
Published: Cham : Springer International Publishing, 2018.
Edition:1st ed. 2018.
Series:Studies in Systems, Decision and Control, 120
Subjects:
ISBN:9783319688268
ISSN:2198-4182 ;
Online Access: Get full text
Tags: Add Tag
No Tags, Be the first to tag this record!

MARC

LEADER 00000nam a22000005i 4500
003 SK-BrCVT
005 20220618100857.0
007 cr nn 008mamaa
008 171228s2018 gw | s |||| 0|eng d
020 |a 9783319688268 
024 7 |a 10.1007/978-3-319-68826-8  |2 doi 
035 |a CVTIDW10620 
040 |a Springer-Nature  |b eng  |c CVTISR  |e AACR2 
041 |a eng 
100 1 |a Szuster, Marcin.  |4 aut 
245 1 0 |a Intelligent Optimal Adaptive Control for Mechatronic Systems  |h [electronic resource] /  |c by Marcin Szuster, Zenon Hendzel. 
250 |a 1st ed. 2018. 
260 1 |a Cham :  |b Springer International Publishing,  |c 2018. 
300 |a XI, 382 p. 224 illus., 119 illus. in color.  |b online resource. 
490 1 |a Studies in Systems, Decision and Control,  |x 2198-4182 ;  |v 120 
500 |a Engineering  
516 |a text file PDF 
520 |a The book deals with intelligent control of mobile robots, presenting the state-of-the-art in the field, and introducing new control algorithms developed and tested by the authors. It also discusses the use of artificial intelligent methods like neural networks and neuraldynamic programming, including globalised dual-heuristic dynamic programming, for controlling wheeled robots and robotic manipulators,and compares them to classical control methods. 
650 0 |a Computational intelligence. 
650 0 |a Robotics. 
650 0 |a Automation. 
650 0 |a Artificial intelligence. 
650 0 |a Mechatronics. 
856 4 0 |u http://hanproxy.cvtisr.sk/han/cvti-ebook-springer-eisbn-978-3-319-68826-8  |y Vzdialený prístup pre registrovaných používateľov 
910 |b ZE07900 
919 |a 978-3-319-68826-8 
974 |a andrea.lebedova  |f Elektronické zdroje 
992 |a SUD 
999 |c 235921  |d 235921